Sports Quiz

Random Sports or Hockey Quiz

Pixelated NHL Logos Quiz Stats

 Plays Quiz Updated Jul 8, 2021

Support Sporcle.
Go Orange.
Score 0/32 Timer 05:00
1 Play Today
% Correct
Chicago Blackhawks
96.9%
Boston Bruins
92.3%
Dallas Stars
90.4%
Nashville Predators
87.1%
Colorado Avalanche
86%
Washington Capitals
85.4%
New York Islanders
85.1%
San Jose Sharks
84.7%
Minnesota Wild
83.4%
Toronto Maple Leafs
83.2%
St. Louis Blues
83%
New York Rangers
82.5%
Pittsburgh Penguins
82.1%
Tampa Bay Lightning
81.8%
Arizona Coyotes
80.2%
Seattle Kraken
80.1%
% Correct
Montreal Canadiens
80%
Anaheim Ducks
79.4%
Vancouver Canucks
79.4%
Detroit Red Wings
79.2%
Edmonton Oilers
78.4%
Ottawa Senators
77.9%
Carolina Hurricanes
77.6%
Calgary Flames
77%
Philadelphia Flyers
76.9%
New Jersey Devils
76.3%
Los Angeles Kings
76%
Columbus Blue Jackets
74.9%
Buffalo Sabres
74.7%
Winnipeg Jets
72.8%
Vegas Golden Knights
71.7%
Florida Panthers
68.3%

You're not logged in!

Compare scores with friends on all Sporcle quizzes.
OR
Log In
Forgot?

From the Vault

Peanuts: Bring the Smiles

by gazzso

Are you ready to draw your own comic strip with trivia?
Remove Ads.
Support Sporcle.
Get the best of Sporcle when you Go Orange. This ad-free experience offers more features, more stats, and more fun while also helping to support Sporcle. Thank you for becoming a member.

Show Comments

Extras

Top Quizzes Today


Score Distribution

Your Account Isn't Verified!

In order to create a playlist on Sporcle, you need to verify the email address you used during registration. Go to your Sporcle Settings to finish the process.

Report this User

Report this user for behavior that violates our Community Guidelines.

Details: